| 000 | 00377nam a22001217a 4500 | ||
|---|---|---|---|
| 082 | _a332.1224 SBP | ||
| 100 | _aSate Bank of Pakistan | ||
| 245 |
_aMonthly Statistical Bulletin May 2010 _cSate Bank of Pakistan |
||
| 260 |
_aKarachi _bPublication Deptt Sate Bank of Pakistan _c2010 |
||
| 300 | _a250p | ||
| 942 |
_2ddc _cBK |
||
| 999 |
_c587787 _d587787 |
||